The tragedy of Pudd'nhead Wilson and the comedy, Those extraordinary twins / (رقم التسجيلة. 19233)
[ عرض عادي ]
| 000 -الفاتح | |
|---|---|
| حقل البيانات ثابتة الطول | 01244 am a2200313ua 4500 |
| 001 - رقم الضبط | |
| رقم الضبط | 012590064 |
| 003 - محدد رقم الضبط | |
| رقم الضبط | OSt |
| 005 - وقت وتاريخ اخر تعامل مع التسجيلة | |
| رقم الضبط | 20150408113954.0 |
| 008 - عناصر البيانات ثابتة الطول - معلومات عامة | |
| حقل البيانات ثابتة الطول | 111204r19961894enkac || 000 1|eng |
| 010 ## - رقم ضبط مكتبة الكونجرس | |
| رقم ضبط مكتبة الكونجرس | 96016580 |
| 015 ## - رقم الببليوجرافية الوطنية | |
| رقم الببليوجرافية الوطنية | GB9728855 |
| المصدر | bnb |
| 020 ## - الرقم الدولى المعيارى للكتب | |
| الرقم الدولى المعيارى للكتاب | 9780199733491 |
| 040 ## - مصدر الفهرسة | |
| وكالة الفهرسة الأصلية | DLC |
| وكالة النسخ | DLC |
| وكالة التعديل | Uk |
| 082 04 - رقم تصنيف ديوى العشرى | |
| رقم التصنيف | 823.4 T M T |
| رقم الطبعة | 21 |
| 100 1# - المدخل الرئيسى - إسم شخصى | |
| الإسم الشخصى | Twain, Mark, |
| التواريخ المصاحبة للاسم | 1835-1910. |
| 240 10 - العنوان الموحد | |
| عنوان موحد | <a href="Pudd'nhead Wilson">Pudd'nhead Wilson</a> |
| 245 14 - بيان العنوان | |
| العنوان | The tragedy of Pudd'nhead Wilson and the comedy, Those extraordinary twins / |
| بيان المسئوليه,etc | Mark Twain ; foreword, Shelley Fisher Fishkin ; introduction, Sherley Anne Williams ; afterword, David Lionel Smith. |
| 260 ## - PUBLICATION, DISTRIBUTION, ETC. (IMPRINT) | |
| مكان الناشر او الموزع | New York ; |
| -- | Oxford : |
| اسم الناشر او الموزع | Oxford University Press, |
| تاريخ النشر أو التوزيع | 1996. |
| 300 ## - الوصف المادى | |
| التعداد | xliii, 36, 432p. : |
| تفاصيل ماديه اخرى للوعاء | ill., ports. ; |
| أبعاد الوعاء | 23cm. |
| 490 0# - بيان السلسلة | |
| عنوان السلسلة | The Oxford Mark Twain |
| 500 ## - تبصرة عامة | |
| تبصرة عامة | Facsim of ed. published: Hartford, Conn. : American Publishing Company, 1894. |
| 650 #0 - المدخل الاضافى بالموضوع-مصطلح موضوعى | |
| مصطلح موضوعي أو اسم جغرافي كعنصر مدخل | Slaves |
| التقسيم الفرعي الجغرافي | United States |
| التقسيم الفرعي العام | Fiction. |
| 9 (RLIN) | 7195 |
| 650 #0 - المدخل الاضافى بالموضوع-مصطلح موضوعى | |
| مصطلح موضوعي أو اسم جغرافي كعنصر مدخل | Trials (Murder) |
| التقسيم الفرعي الجغرافي | Missouri |
| التقسيم الفرعي العام | Fiction. |
| 9 (RLIN) | 7196 |
| 650 #0 - المدخل الاضافى بالموضوع-مصطلح موضوعى | |
| مصطلح موضوعي أو اسم جغرافي كعنصر مدخل | Conjoined twins |
| التقسيم الفرعي العام | Fiction. |
| 9 (RLIN) | 7014 |
| 650 #0 - المدخل الاضافى بالموضوع-مصطلح موضوعى | |
| مصطلح موضوعي أو اسم جغرافي كعنصر مدخل | Impostors and imposture |
| التقسيم الفرعي الجغرافي | Missouri |
| التقسيم الفرعي العام | Fiction. |
| 9 (RLIN) | 7197 |
| 700 1# - المدخل الاضافى - اسم شخصى | |
| الإسم الشخصى | Twain, Mark, |
| التواريخ المصاحبة للاسم | 1835-1910. |
| عنوان العمل | Those extraordinary twins. |
| 942 ## - عناصر المدخل الإضافي( كوها) | |
| مصدر التصنيف او مخطط الترفيف | Dewey Decimal Classification |
| Koha [default] item type | DVD |
| حالة الفقد | نموذج السعر الفعال | حالة تلف | ليس للاعارة | رقم الطلب | تاريخ الاكتساب | الموقع الحالي | الباركود | الفرع الرئيسي | Date last seen | نوع المادة فى نظام كوها | مصدر التصنيف او خطة الترفيف | Total Checkouts |
|---|---|---|---|---|---|---|---|---|---|---|---|---|
| 2013-03-10 | 823.4 T M T | 2011-12-04 | قسم الاجراءات الفنية (IC) | 00101034 | قسم الاجراءات الفنية (IC) | 2013-03-10 | كتاب | Dewey Decimal Classification | ||||
| 2013-03-10 | 823.4 T M T | 2011-12-04 | قسم الاجراءات الفنية (IC) | 00101081 | قسم الاجراءات الفنية (IC) | 2013-03-10 | كتاب | Dewey Decimal Classification |
